Figure Out the Lyrics X Quiz Stats

Quiz Updated Aug 18, 2016

Challenge
Share
Tweet
Embed
Score 0/293 Timer 08:00
6 Plays Today
% Correct
I
98.5%
I
98.5%
I
98.5%
I.)
98.5%
I
98.5%
I
98.5%
I
98.5%
I
98.5%
I
98.5%
I
98.5%
I
98.5%
I.)
98.5%
I
98.5%
I
98.5%
I
98.5%
I
98.5%
I
98.5%
I
98.5%
I
98.5%
I.)
98.5%
I
98.5%
I
98.5%
I
98.5%
I
98.5%
I
98.5%
a
96.8%
a
96.8%
a
96.8%
a
96.8%
a
96.8%
you
94.4%
you
94.4%
you
94.4%
you.
94.4%
you
94.4%
you
94.4%
you
94.4%
you
94.4%
you
94.4%
you
94.4%
you
94.4%
you
94.4%
you
94.4%
The
91.5%
the
91.5%
to
84.3%
to
84.3%
to
84.3%
to
84.3%
to
84.3%
to
84.3%
me
84.3%
me
84.3%
me.
84.3%
me
84.3%
me
84.3%
me
84.3%
me,
84.3%
me
84.3%
me.
84.3%
me
84.3%
me
84.3%
me
84.3%
me
84.3%
me.
84.3%
me
84.3%
me
84.3%
me
84.3%
me
84.3%
me
84.3%
and
82.7%
(And
82.7%
(And
82.7%
and
82.7%
(And
82.7%
and
82.7%
be,
81.3%
be.
81.3%
be
81.3%
be
81.3%
it
75%
it.
75%
it
75%
is
72.5%
is
72.5%
is
72.5%
is
72.5%
is
72.5%
is
72.5%
do.
71.1%
want
69.3%
want
69.3%
go
68.9%
go.
68.9%
will
67.3%
will
67.3%
know
67.2%
know
67.2%
% Correct
know
67.2%
know?
67.2%
know
67.2%
know
67.2%
When
66.7%
When
66.7%
When
66.7%
that
63.6%
that
63.6%
that
63.6%
that
63.6%
that
63.6%
that
63.6%
My
62.9%
my
62.9%
My
62.9%
my
62.9%
my
62.9%
My
62.9%
my
62.9%
my
62.9%
how
62.2%
how
62.2%
how
62.2%
how
62.2%
not
57.1%
not
57.1%
not
57.1%
not
57.1%
have
56.4%
have
56.4%
with
56.3%
with
56.3%
with
56.3%
one
55.3%
one
55.3%
one
55.3%
one
55.3%
one
55.3%
of
54.7%
I'm
52.7%
I'm
52.7%
I'm
52.7%
was
52.3%
was
52.3%
time.
50.1%
time.
50.1%
time.
50.1%
time.
50.1%
time.
50.1%
need
49.7%
need
49.7%
Oh
47.7%
Oh
47.7%
Oh
47.7%
Oh
47.7%
Oh
47.7%
Oh
47.7%
Oh
47.7%
Oh
47.7%
Oh
47.7%
Oh
47.7%
oh,
47.7%
oh,
47.7%
you're
46.6%
baby,
46.1%
baby.
46.1%
baby,
46.1%
baby.
46.1%
baby,
46.1%
baby,
46.1%
baby,
46.1%
baby,
46.1%
baby,
46.1%
baby
46.1%
baby,
46.1%
baby.
46.1%
baby,
46.1%
baby.
46.1%
baby,
46.1%
baby
46.1%
baby,
46.1%
baby.
46.1%
baby,
46.1%
baby.
46.1%
baby,
46.1%
baby,
46.1%
baby,
46.1%
baby
46.1%
baby
46.1%
baby
46.1%
more
44.8%
more
44.8%
more
44.8%
more
44.8%
more
44.8%
here?
44.8%
here
44.8%
% Correct
here,
44.8%
now
44.8%
now,
44.8%
now,
44.8%
now.
44.8%
now.
44.8%
tell
44%
Tell
44%
Give
42.3%
Give
42.3%
give
42.3%
Give
42.3%
give
42.3%
Don't
42.2%
Don't
42.2%
let
41%
let
41%
supposed
40.7%
supposed
40.6%
Hit
36.2%
Hit
36.2%
Hit
36.2%
Hit
36.2%
Hit
36.2%
must
36.2%
must
36.2%
must
36.2%
must
36.2%
must
36.2%
'cause
36.1%
'cause
36.1%
mind.
34.7%
mind.
34.7%
mind.
34.7%
believe.
34%
believe.)
34%
believe.
34%
believe.)
34%
believe
34%
believe.
34%
believe.)
34%
believe
34%
out
33.9%
Show
33.7%
Show
33.7%
right
33.5%
still
33.3%
(Still
33.3%
still
33.3%
(Still
33.3%
still
33.3%
still
33.3%
(Still
33.3%
still
33.3%
lose
32.8%
lose
32.8%
lose
32.8%
sign.
32.6%
sign.
32.6%
sign,
32.6%
sign.
32.6%
sign.
32.6%
It's
31.8%
way
31.8%
because...
31%
because...
31%
something
30.6%
killing
29.9%
killing
29.9%
killing
29.9%
killing
29.9%
killing
29.9%
shouldn't
29.8%
shouldn't
29.8%
wasn't
28.7%
confess,
27.8%
confess,
27.8%
confess,
27.8%
confess,
27.8%
confess
27.8%
loneliness
27.8%
loneliness
27.8%
loneliness,
27.8%
loneliness
27.8%
loneliness
27.8%
got
27.3%
yeah.
22.6%
reason
19.5%
wouldn't
19.4%
nothing
19%
Boy,
19%
There's
17.1%
sight,
16.3%
breathe
13.3%
pretty
12.6%
planned
12.4%
blinded.
7.5%

You're not logged in!

Compare scores with friends on all Sporcle quizzes.
Sign Up with Email
OR
Log In

You Might Also Like...

Show Comments

Extras

Top Quizzes Today


Score Distribution

Your Account Isn't Verified!

In order to create a playlist on Sporcle, you need to verify the email address you used during registration. Go to your Sporcle Settings to finish the process.